<El> Consejo de Europa su protagonismo en la construcción de la "Gran Europa" y sus aportaciones al progreso del derecho internacional público

Salvato in:
Dettagli Bibliografici
Autore principale: Salinas Alcega, Sergio
Natura: Libro
Lingua:spagnolo
Pubblicazione: Madrid Ministerio de asuntos exteriores 1999
Serie:Biblioteca diplomática Espaňola varios 6
Soggetti:
Tags: Aggiungi Tag
Nessun Tag, puoi essere il primo ad aggiungerne!!

MARC

LEADER 00000nam a2200000 4500
001 c131715
005 20221221081838.9
020 |a 84-95265-06-0 
041 0 |a spa 
044 |a ES 
245 1 0 |a <El> Consejo de Europa  |b su protagonismo en la construcción de la "Gran Europa" y sus aportaciones al progreso del derecho internacional público  |c Sergio Salinas Alcega 
264 1 |a Madrid  |b Ministerio de asuntos exteriores  |c 1999 
300 |a 361 s. 
490 1 |a Biblioteca diplomática Espaňola  |v varios 6 
830 0 |a Biblioteca diplomática Espaňola  |v varios 6 
610 2 0 |a Rada Európy 
610 2 0 |a Európska únia 
610 2 0 |a politika 
610 2 0 |a politika hospodárska medzinárodná 
610 2 0 |a politika medzinárodná 
610 2 0 |a politika menová 
100 1 |a Salinas Alcega, Sergio